Normal view
MARC view
Entry Topical Term
001 - CONTROL NUMBER
- control field: 37797
003 - CONTROL NUMBER IDENTIFIER
- control field: ARRUPE
005 - DATE AND TIME OF LATEST TRANSACTION
- control field: 20171130110650.0
008 - FIXED-LENGTH DATA ELEMENTS
- fixed length control field: 171130|| aca||aabn | a|a d
040 ## - CATALOGING SOURCE
- Original cataloging agency: ARRUPE
- Transcribing agency: ARRUPE
150 ## - HEADING--TOPICAL TERM
- Topical term or geographic name as entry element: Bible.N.T. John
- General subdivision: Criticism, interpretation
670 ## - SOURCE DATA FOUND
- Source citation: Work cat.: (ARRUPE): Carter, Warren 37796, John and empire, 2007